Score 0/20 Timer 03:00
1 Play Today
Film Missing Word % Correct
Kill _____ Vol. 2Bill
96.8%
_____ & FuriousFast
96.5%
My Big Fat _____ WeddingGreek
96.2%
Never _____ KissedBeen
94.2%
Hannah _____: The MovieMontana
93.8%
The _____ SpeechKing's
93%
Bridget Jones's _____Diary
92.7%
Malibu's _____ WantedMost
91.7%
_____ of DreamsField
85.2%
The _____ Guide to the GalaxyHitchhiker's
83.3%
Film Missing Word % Correct
_____ Sarah MarshallForgetting
73.6%
Fever _____Pitch
73%
Indecent _____Proposal
70.5%
_____ League: Back to the MinorsMajor
66.8%
Don _____ DeMarcoJuan
50.5%
The _____ in Viva Rock VegasFlintstones
40.5%
Observe and _____Report
39.8%
_____ and the BeeAkeelah
24.4%
Soul _____Surfer
12.5%
Hoodwinked Too! Hood vs. _____Evil
10.9%

Today's Daily Dose

Remove Ads.
Support Sporcle.
Get the best of Sporcle when you Go Orange. This ad-free experience offers more features, more stats, and more fun while also helping to support Sporcle. Thank you for becoming a member.

You're not logged in!

Compare scores with friends on all Sporcle quizzes.
OR
Log In

Show Comments

Extras

Top Quizzes Today


Score Distribution

Your Account Isn't Verified!

In order to create a playlist on Sporcle, you need to verify the email address you used during registration. Go to your Sporcle Settings to finish the process.

Report this User

Report this user for behavior that violates our Community Guidelines.

Details: